00438 a2200145 4500010001400000020002300014035001300037037001500050082000800065100002100073245005400094260004700148270007100195300002600266 aENG-86513 c120.00a8178121700 aEN-70046 bDBAD / PUB14a485 aGupta, Anjani A.1 aR. Gupta's english grammar /cby Anjani A. Gupta aNew DelhibRamesh Publishing Housec[200?] a12-H, New Daryaganj Road, Opp. Traffic KotwalibNew Delhie110 002 aiv, 544p.c21cm (pbk)